| 000 | 01053nam a22002417a 4500 | ||
|---|---|---|---|
| 005 | 20240530110629.0 | ||
| 008 | 170111s2015 ua a f b 000 0 ara d | ||
| 017 |
_a26659/2014 _bمصر. دار الكتب |
||
| 020 | _a9789772738946 | ||
| 040 |
_aEG-CaGPL _cEG-CaGPL |
||
| 082 | 0 | 4 |
_221 _a618.92152\ _bم ق |
| 100 | 0 | _aمروة فرج مغربى سيد | |
| 245 | 1 | 0 |
_aقلق الموت و علاقتة ببعض المشكلات لدى المراهقين المصابين بمرض انيميا البحر المتوسط / _cمروة فرج مغربى سيد |
| 260 |
_aالاسكندرية : _bدار المعرفة الجامعية ، _c2015. |
||
| 300 |
_a208 ص. : _bجداول ؛ _c24 سم + _eملاحق. |
||
| 504 | _aيشتمل على ارجاعات ببليوجرافية | ||
| 650 | 0 | 7 |
_2qrmak _aفقر الدم _xامراض |
| 650 | 0 | 7 |
_2qrmak _aالمراهقون _xالجوانب الصحية |
| 650 | 0 | 7 |
_2qrmak _aالمراهقون _xعلم نفس |
| 651 | _2qrmak | ||
| 942 |
_2ddc _cBK |
||
| 999 |
_c63212 _d63212 |
||